Sanat - "Viimeinen tanssi" - Behm&Olavi Uusivirta - Statistics

Yleistilastot
  • Tätä visaa on pelattu 81 kertaa
  • Keskiarvotulos 113 / 158
Vastaustilastot
Vastaus % Oikein
on
97%
tämä
97%
tanssi
97%
viimeinen
97%
jos
95%
arvoinen
92%
se
92%
siitä
92%
tee
92%
ja
90%
kiltti
87%
ole
87%
sen
87%
vuosien
87%
ei
85%
mut
85%
et
81%
koska
81%
vielä
81%
en
79%
En
79%
kiinni
76%
pitää
76%
siinä
76%
vaan
76%
sulle
74%
ansaitset
73%
eihän
73%
lupauksista
73%
mitään
73%
musta
73%
nyt
73%
sun
73%
pitänyt
71%
luo
69%
tanssittaa
69%
kerran
68%
Lupasit
68%
riitä
68%
sut
68%
huulia
66%
kiitos
66%
muuttua
66%
ne
66%
rakas
66%
jälkeen
65%
kelle
65%
muistuttaa
65%
päästän
65%
yritithän
65%
annat
63%
luvan
63%
mutta
63%
suuttua
63%
todellakin
63%
yritys
63%
kuinka
61%
kuuluukaan
61%
merkitsen
61%
tyttööni
61%
näytä
60%
paljon
60%
parempien
60%
pois
60%
rakkaudet
60%
silloin
60%
suuret
60%
vaikka
60%
haluun
58%
hullaannuin
58%
saimme
58%
sammumaan
58%
aio
56%
enää
56%
ennätysajassa
56%
kenestä
56%
roihahtaa
56%
sellaisen
56%
susta
55%
halua
53%
kestä
53%
mua
52%
irti
50%
päästää
50%
täytyy
50%
pettymystä
48%
säästää
48%
sydäntä
48%
estä
47%
lähtemästä
47%
herää
45%
hiusmeren
45%
perään
45%
pettymysten
45%
seasta
45%
meidän
39%
sulla
3%
Ehtoja vastaavia visoja ei löytynyt
Tulosjakauma
Jokaisen tuloksen saaneiden osuus
Persentiili vastausten määrän mukaan
Tuloshistoriasi
Et ole pelannut tätä visaa